Catalog

Record Details

Catalog Search



Available copies

  • 1 of 1 copy available at LARL/NWRL Consortium.

Current holds

0 current holds with 1 total copy.

Show Only Available Copies
Location Call Number / Copy Notes Barcode Shelving Location Status Due Date
Greenbush Public Library ABR (Text) 35500006270431 Main Available -

Record details

  • ISBN: 9781948226561
  • ISBN: 1948226561
  • Physical Description: 277 pages ; 22 cm.
  • Publisher: New York : Catapult, [2020]

Content descriptions

Summary, etc.:
"Twin sisters Bibike and Ariyike are enjoying a ... Read More
Subject: Lagos (Nigeria) > Fiction.
Twins > Fiction.
Sisters > Fiction.
Patriarchy > Fiction.
Divorce > Fiction.
Kinship > Fiction.
Genre: Domestic fiction.
LDR 02459cam a2200373 i 4500
001340828
003LARL_NWRL_CONSORTIUM
00520200207151901.0
008190526s2020 nyu 000 1 eng d
010 . ‡a2019944287
020 . ‡a9781948226561 ‡q(hbk.)
020 . ‡a1948226561 ‡q(hbk.)
035 . ‡a(OCoLC)1102469523
040 . ‡aYDX ‡beng ‡erda ‡cYDX ‡dTnLvILS
043 . ‡af-nr---
08204. ‡a823/.92 ‡223
1001 . ‡aAbraham, Tola Rotimi, ‡eauthor.
24510. ‡aBlack Sunday / ‡cTola Rotimi Abraham.
264 1. ‡aNew York : ‡bCatapult, ‡c[2020]
300 . ‡a277 pages ; ‡c22 cm.
336 . ‡atext ‡btxt ‡2rdacontent.
337 . ‡aunmediated ‡bn ‡2rdamedia.
338 . ‡avolume ‡bnc ‡2rdacarrier.
520 . ‡a"Twin sisters Bibike and Ariyike are enjoying a relatively comfortable life in Lagos in 1996. Then their mother loses her job due to political strife, and the family, facing poverty, becomes drawn into the New Church, an institution led by a charismatic pastor who is not shy about worshipping earthly wealth. Soon Bibike and Ariyike's father wagers the family home on a 'sure bet' that evaporates like smoke. As their parents' marriage collapses in the aftermath of this gamble, the twin sisters and their two younger siblings, Andrew and Peter, are thrust into the reluctant care of their traditional Yoruba grandmother. Inseparable while they had their parents to care for them, the twins' paths diverge once the household shatters. Each girl is left to locate, guard, and hone her own fragile source of power. Written with astonishing intimacy and wry attention to the fickleness of fate, Tola Rotimi Abraham's Black Sunday takes us into the chaotic heart of family life, tracing a line from the euphoria of kinship to the devastation of estrangement. In the process, it joyfully tells a tale of grace and connection in the midst of daily oppression and the constant incursions of an unremitting patriarchy. This is a novel about two young women slowly finding, over twenty years, in a place rife with hypocrisy but also endless life and love, their own distinct methods of resistance and paths to independence"--Provided by publisher.
651 0. ‡aLagos (Nigeria) ‡vFiction.
650 0. ‡aTwins ‡vFiction. ‡0(LARL_NWRL_CONSORTIUM)167632
650 0. ‡aSisters ‡vFiction. ‡0(LARL_NWRL_CONSORTIUM)167281
650 0. ‡aPatriarchy ‡vFiction.
650 0. ‡aDivorce ‡vFiction. ‡0(LARL_NWRL_CONSORTIUM)164542
650 0. ‡aKinship ‡vFiction.
655 7. ‡aDomestic fiction. ‡2lcgft.
901 . ‡a340828 ‡b ‡c340828 ‡tbiblio

Additional Resources